Most populous cities- West Europe - Statistics

General Stats
  • This quiz has been taken 28 times
  • The average score is 34 of 47
Answer Stats
Hint Rank west europe Answer % Correct
Spain, 5.733.250 4th Barcelona
100%
Germany, 3.580,190 6th Berlin
100%
Portugal, 3.028.270 8th Lisbon
100%
UK, 9.840,740 2nd London
100%
Spain, 6.810.530 3rd Madrid
100%
Italy, 3.167.450 7th Milan
100%
France, 11.346.800 1st Paris
100%
Portugal, 1.334.200 21st Porto
100%
Italy, 4.347.100 5th Rome
100%
Austria, 2.005.500 13th Vienna
100%
UK, 2.704.620 10th Birmingham
96%
UK, 928.997 29th Liverpool
96%
UK, 2.832.580 9th Manchester
96%
The Netherlands, 1.189.200 22nd Amsterdam
92%
Belgium, 2.141.520 12th Brussels
92%
Germany, 1.787.510 15th Hamburg
92%
France, 1.644.610 18th Marseille
92%
Germany, 1.590.890 19th Munich
92%
Italy, 2.182.170 11th Naples
92%
Italy, 1.809.850 14th Turin
92%
Switzerland, 1.455.100 20th Zurich
92%
UK, 1.718.940 17th Glasgow
84%
Italy, 851.282 31st Palermo
84%
The Netherlands,1.026.250 25th Rotterdam
84%
France, 1.787.230 16th Lyon
80%
France, 956.195 28th Nice
76%
France, 1.080.180 24th Toulouse
76%
Italy, 713.615 40th Florence
72%
France, 1.091.590 23rd Lille
68%
UK, 834.242 33rd Newcastle upon Tyne
68%
Spain, 841.354 32nd Valencia
68%
Italy, 819.297 35th Bologna
60%
UK, 720.052 39th Bristol
60%
UK, 756.783 36th Sheffield
60%
The Netherlands, 724.903 38th The Hague
60%
UK, 651.982 47th Belfast
56%
Italy, 674.291 45th Genoa
56%
UK, 819.334 34th Nottingham
52%
France, 711.464 41st Nantes
48%
Spain, 742.924 37th Zaragoza
36%
Spain, 703.206 42nd Sevilla
32%
UK, 966.741 26th Southampton
32%
Germany, 963.395 27th Koln
28%
Belgium, 688.582 44th Liege
20%
Italy, 923.221 30th Bergamo
4%
Italy, 668.274 46th Busto Arsizio
0%
Italy, 700.391 43rd Padova
0%
No matching quizzes found
Score Distribution
Percent of People with Each Score
Percentile by Number Answered
Your Score History
You have not taken this quiz